00595nam a2200169Ia 4500008004100000020001500041041001200056082001600068100001800084245008300102260003300185300000800218650001600226942000700242999001500249952016100264221030s9999 xx 000 0 und d a8185015694 aEnglish a105.23bSal aR. S. Salaria 0aComputer Oriented Numerical Methods - A Programming Approachcby R. S. Salaria bNarosa Pub.aNew Delhic1999 a435 aBE Computer cBK c5883d5883 pBE 1524g150.00l0o105.23 Salr2024-06-13 00:00:00w2022-10-30yBK003Print4071aMIETLIBbMIETLIBcBL-Second, FL-1, CUP-55, SH-3, R-3d2000-05-0810HBE